000 01846nam a2200409 c 4500
003 BLK
005 20250402174123.0
008 180408b bul|||||r ||||||| ||bul||
010 _aKNG00075269000
020 _a978-954-340-048-5
_bиздат.: Ню медиа груп
040 _aBLK
041 _aBUL
_cBUL
080 _aВътрешна политика. Вж и 329
_b323
_x(497.2)(0:82-3)
_z323(497.2)(0:82-3)
080 _aСпециална част на наказателното право. Видове наказуеми действия - Срещу собствена или чужда държава и управлението, политически престъпления,геноцид(прав.аспекти), наркотрафик, против мира, обществен
_b343.3/.7
_x(497.2)(02.062)
_z343.3/.7(497.2)(02.062)
080 _aБългарска литература
_b821.163.2
_x-3
_z821.163.2-3
100 1 _aЗлатков, Димитър
_eпърви автор
_9292979
139 _aЗлатков, Димитър
_bЗ 73
245 1 0 _aВойната ВИС - СИК
_cДимитър Златков.
257 _aBGR
260 София
_bНю медиа груп
_c2007
_fСофия : Мултипринт
300 _a372 с.
_c20 см
380 _a3
500 _aОфс. изд.
650 4 _aМафия - България
_9250884
650 4 _aПрестъпления - България
_9256119
651 4 _aБългария
_9241624
653 _aВИС
653 _aСИК
653 _aмафия
653 _aорганизирана престъпност
852 _aЦб 234063
856 4 _qpdf
_u
856 4 _qpdf
_u
942 _cKNG
_n0
_012
944 _aCR
_c28.05.2007
_k30575
_lМартин Енчев
944 _aED
_c26.11.2008
_k
999 _c70906
_d70906